000 00548nam a22001932 4500
001 0000002614
005 20170406114349.0
008 140321s xx 000 0 eng d
020 _c$
040 _aYour Holding Symbol
_cYour Holding Symbol
100 1 _aCline,William R.
245 1 0 _aWorld inflation and the developing countries.
250 _a ed.
260 _aWashington ,D.C :
_bThe bookings institution,
_c1981.
300 _a 266 p. ;
_c cm.
504 _aindex.
650 0 _aunderveloped areas.
908 _a140321
999 _c2502
_d2502